Programa de religión: primero a cuarto año de Educación Media

Uloženo v:
Podrobná bibliografie
Korporativní autor: Conferencia Episcopal de Chile (Autor)
Médium: Kniha
Jazyk:španělština
Vydáno: Santiago Conferencia Episcopal de Chile 1999
Témata:
Tagy: Přidat tag
Žádné tagy, Buďte první, kdo vytvoří štítek k tomuto záznamu!

MARC

LEADER 00000nam a2200000 a 4500
001 UCL4990
003 CL-VaPUC
008 040227e19990000CL |||||||||||||||||spa|d
082 0 4 |a 248.83  |b CON  |2 21 
110 2 |a Conferencia Episcopal de Chile  |e author  |9 482733 
245 1 0 |a Programa de religión: primero a cuarto año de Educación Media 
300 |a 63 p 
942 |c BK 
945 |d 20040227 00:00:00  |a cmena 
260 |a Santiago  |b Conferencia Episcopal de Chile  |c 1999 
650 0 |a Educación religiosa   |9 308312 
650 0 |a Adolescentes  |9 308058 
650 0 |a Planificación del currículo  |9 269599 
583 |a last modification  |c 20040227 00:00:00  |k Rodrigo Vera 
999 |c 307735  |d 307733 
952 |0 0  |1 0  |2 ddc  |4 0  |6 248_830000000000000_CON_1999  |7 0  |8 A  |9 373822  |a BIBTEO  |b BIBTEO  |d 2019-11-21  |i 3958310  |o 248.83 CON 1999  |p 3958310  |r 2025-01-17  |w 2019-11-21  |y BK  |k ICR 
952 |0 0  |1 0  |2 ddc  |4 0  |6 248_830000000000000_CON_1999  |7 0  |8 A  |9 373823  |a BIBTEO  |b BIBTEO  |d 2019-11-21  |i 3958302  |l 1  |m 1  |o 248.83 CON 1999  |p 3958302  |r 2025-01-17  |s 2024-04-19  |w 2019-11-21  |y BK  |k ICR